Obyvatelstvo a bydlení 1991. Nad předběžnými výsledky sčítání 1991.

Analýza výsledkov sčítania z r. 1991 podľa vybratých územných charakteristík v ČR. Spracované údaje sú za okresy, za 137 vybratých miest a ostatné obce podľa veľkostných skupín obcí a jednotlivé veľkomestá ČR. Počet obyvateľov, jeho vekové zloženie, jeho ekonomické aktivity, národnosti, nábožen. vyz...

Ausführliche Beschreibung

Gespeichert in:
Bibliographische Detailangaben
1. Verfasser: Andrle, Alois
Format: Buchkapitel
Sprache:Tschechisch
Schlagworte:
Tags: Tag hinzufügen
Keine Tags, Fügen Sie das erste Tag hinzu!

MARC

LEADER 00000naa a2200000 4500
001 r007446
005 20221125081533.6
041 0 |a cze 
044 |a [CS] 
245 1 0 |a Obyvatelstvo a bydlení 1991. Nad předběžnými výsledky sčítání 1991.  |c A. Andrle 
520 |a Analýza výsledkov sčítania z r. 1991 podľa vybratých územných charakteristík v ČR. Spracované údaje sú za okresy, za 137 vybratých miest a ostatné obce podľa veľkostných skupín obcí a jednotlivé veľkomestá ČR. Počet obyvateľov, jeho vekové zloženie, jeho ekonomické aktivity, národnosti, nábožen. vyznanie, obyv. domového fondu, bytového fondu a úroveň bývania. 
610 2 0 |a sčítanie ľudu 
610 2 0 |a obyvateľstvo 
610 2 0 |a Čechy 
610 2 0 |a 1991 
610 2 0 |a štatistika bytová 
610 2 0 |a štatistika sociálna 
610 2 0 |a fond bytový 
610 2 0 |a mestá 
610 2 0 |a obce 
610 2 0 |a údaje štatistické 
610 2 0 |a tabuľky štatistické 
100 1 |a Andrle, Alois